Quelle ville de la Seine-Maritime ? - Statistiques

Statistiques générales
  • Ce quiz a été pris 45 fois
  • Le résultat moyen est 11 sur 20
Statistiques - réponses
Quelle commune seinomarine... Lettre Ville % Correct
...présente des falaises et une aiguille creuse, repaire d'un gentleman cambrioleur ? E Etretat
100%
...fut reconstruite en béton par Auguste Perret après les bombardements de 1944 ? (L) H Le Havre
98%
...vit la Pucelle d'Orleans être juger puis brûler sur un bûcher en 1431 ? R Rouen
95%
...donne son nom à un pont suspendu franchissant l'estuaire de la Seine ? T Tancarville
88%
...fut reconnue pour son port morutier qui vit naître l'Etoile et la Belle Poule ? F Fécamp
83%
...est une station balnéaire sous-préfecture et capitale historique du Pays de Caux ? D Dieppe
78%
...fut gouvernée par un "roi" local du IXe siècle à 1555 ? Y Yvetot
65%
...est célèbre pour son fromage à pâte molle AOC en forme de cœur ? N Neufchâtel-en-Bray
60%
...fut le théâtre en 2016 de l'assassinat du père Jacques Hamel dans son église, premier prêtre tué dans un attentat en France depuis la Révolution ? S Saint-Etienne-du-Rouvray
53%
...forme une unité urbaine avec la précédente et Mers-les-Bains, dans la Somme ? (L) T Le Tréport
50%
...disputa la finale de la Coupe de France contre l'OM en 1927 et l'OL en 2012 ? (L) P Le Petit-Quevilly
45%
...est dominée par un viaduc ferroviaire et une réplique de la statue de la Liberté créée pour le film Le Cerveau ? B Barentin
43%
...fut incendiée sur ordre de Louis XI lors du Mardi Piteux, le 10 juillet 1475 ? E Eu
43%
...se trouve sur le site de la ville antique de Juliobona, dont le théâtre subsiste ? L Lillebonne
40%
...est parfois dite "sur-Seine" pour la distinguer de "en-Bray" et "sur-Andelle" ? E Elbeuf
38%
...abritait une abbaye qualifiée de "plus belle ruine de France" par Victor Hugo ? J Jumièges
33%
...fut capitale de la Belgique au cours de la Première Guerre mondiale ? S Sainte-Adresse
33%
...a un glorieux passé textile aujourd'hui célébré dans l'ancienne usine Desgenétais ? B Bolbec
30%
...serait nommée en hommage à Guillaume le Conquérant qui y aurait chassé ? B Bois-Guillaume
28%
...est la seule à être Plus Beau Village de France, plébiscité par les peintres russes ? V Veules-les-Roses
28%
Aucun quiz correspondant
Distribution des résultats
% des personnes avec chaque résultat
Percentile par nombre de réponses
Votre historique - résultats
Vous n’avez pas pris ce quiz